BIBLIOTECA

SENCICO

Mecánica de Suelos : Teoría y Aplicaciones de la Mecánica de Suelos. Tomo II (Registro nro. 1053)

Detalles MARC
000 -LEADER
fixed length control field 01002nam a2200289Ia 4500
005 - DATE AND TIME OF LATEST TRANSACTION
control field 20251020182457.0
008 - FIXED-LENGTH DATA ELEMENTS--GENERAL INFORMATION
fixed length control field 200515s9999 xx 000 0 und d
020 ## - INTERNATIONAL STANDARD BOOK NUMBER
International Standard Book Number 978-968-18-0128-131.
082 ## - DEWEY DECIMAL CLASSIFICATION NUMBER
Classification number 624.131/J81/2
100 ## - MAIN ENTRY--PERSONAL NAME
Personal name Juarez Badillo, Eualio
100 ## - MAIN ENTRY--PERSONAL NAME
Personal name Rico Rodríguez, Alfonso
245 #0 - TITLE STATEMENT
Title Mecánica de Suelos : Teoría y Aplicaciones de la Mecánica de Suelos. Tomo II
260 ## - PUBLICATION, DISTRIBUTION, ETC.
Place of publication, distribution, etc. México, D.F.
260 ## - PUBLICATION, DISTRIBUTION, ETC.
Name of publisher, distributor, etc. LIMUSA
260 ## - PUBLICATION, DISTRIBUTION, ETC.
Date of publication, distribution, etc. 2011
300 ## - PHYSICAL DESCRIPTION
Extent 703 p.
300 ## - PHYSICAL DESCRIPTION
Other physical details il., tbl., graf.
500 ## - GENERAL NOTE
General note 1 ejemplar. Tomo II.
520 ## - SUMMARY, ETC.
Summary, etc. Trata de la acción de la helada de los suelos, estabilidad de taludes, teorías de capacidad de cargas, principios básicos para el diseño de presas de tierra. Además, incluye una breve exposición sobre las condiciones de cimentación en el valle de México.
650 ## - SUBJECT ADDED ENTRY--TOPICAL TERM
Topical term or geographic name entry element CIMENTACIONES
650 ## - SUBJECT ADDED ENTRY--TOPICAL TERM
Topical term or geographic name entry element ESTUDIO DE SUELOS
650 ## - SUBJECT ADDED ENTRY--TOPICAL TERM
Topical term or geographic name entry element GEOTECNIA
650 ## - SUBJECT ADDED ENTRY--TOPICAL TERM
Topical term or geographic name entry element PRESAS
650 ## - SUBJECT ADDED ENTRY--TOPICAL TERM
Topical term or geographic name entry element SUELOS
942 ## - ADDED ENTRY ELEMENTS (KOHA)
Koha item type Libros
Existencias
Fecha de la última vez que lo usaron Pago total Signatura topográfica completa Código de barras Precio efectivo desde Tipo de documento Estado perdido Estado dañado No es para préstamo Retirado Ubicación permanente Ubicación actual Fecha de adquisición
15/05/2020   624.131/J81/2 Bib-Lima15051053 15/05/2020 Libros         Biblioteca Central Lima Biblioteca Central Lima 15/05/2020